[Event "Leiden SB-ch"]
[Site "Leiden"]
[Date "2012.06.19"]
[Round "6"]
[White "Kat, Rudolf"]
[Black "Oei, Hway Ik"]
[Result "0-1"]
[WhiteElo "1920"]
[BlackElo "2076"]
[PlyCount "60"]
[EventDate "2012.05.15"]
[EventType "swiss"]
[EventRounds "7"]
[EventCountry "NED"]
[SourceTitle "EXT 2018"]
[Source "ChessBase"]
[SourceDate "2017.10.13"]
[SourceVersion "1"]
[SourceVersionDate "2017.10.13"]
[SourceQuality "1"]

1. d4 Nf6 2. c4 e6 3. Nc3 c5 4. e3 cxd4 5. exd4 d5 6. Nf3 Be7 7. c5 0-0 8. Bd3 b6 9. b4 a5 10. Na4 Nfd7 11. Qc2 Nc6 12. Bd2 Nxb4 13. Bxb4 axb4 14. Bxh7+ Kh8 15. Bd3 bxc5 16. Nxc5 Nxc5 17. dxc5 Bf6 18. 0-0 Bxa1 19. Rxa1 Ra3 20. Rb1 Qa5 21. Rb2 Rc3 22. Qd2 Qxc5 23. h4 f6 24. Qe2 Rxd3 25. Qxd3 Qc1+ 26. Kh2 Qxb2 27. Qg6 Qxf2 28. h5 Qe3 29. Nh4 Kg8 30. Qg4 Qg5 0-1